000 00723nam a2200229Ia 4500
003 GCL
008 140319s9999 xx 000 0 ara d
040 _aGCL /
_cGCL
082 0 4 _a001.552
_bح ل
100 1 _aحسنى عبدالرحمن الشيمى
245 1 0 _aاللاورقية او الكتاب الورقى بين البقاء والزوال /
_cحسنى عبدالرحمن الشيمى
260 _a[S.N] :
_bمطبعة التيسير ،
_c1992
300 _a191 ص
490 _a
650 0 4 _aالورق
650 0 4 _aالحاسبات الالكترونية
650 0 4 _aالطباعة
650 0 4 _aالمعلومات
650 0 4 _aالكتاب
650 0 4 _aالمكتبات
942 _2ddc
_cBK
999 _c34444
_d34444